000 00452 a2200169 4500
003 Nust
005 20170207153341.0
040 _cNust
082 _a005.1
100 _aAbideen-Ul- Zain Ali Capt BESE-02
245 _aEncrypting data through and image processing
_cCapt Ali Zain - UL - Abideen & Capt Muhammad Saad Ali BESE-02
260 _bMCS
_c2000
300 _a67p
538 _aT4 And Shelf No 2
650 _aUG Projects
651 _aUG CS Projects
942 _cTHS
999 _c184313
_d184313